Industry hit by economic downturn (Record no. 70122)

MARC details
000 -LEADER
fixed length control field 01005cam a2200217 4500
001 - CONTROL NUMBER
control field WB3816-02
008 - FIXED-LENGTH DATA ELEMENTS--GENERAL INFORMATION
fixed length control field 020430n2002 000 0 eng u
035 ## - SYSTEM CONTROL NUMBER
System control number (Sirsi) u117770
245 ## - TITLE STATEMENT
Title Industry hit by economic downturn
260 ## - PUBLICATION, DISTRIBUTION, ETC.
Date of publication, distribution, etc. 2002
490 ## - SERIES STATEMENT
Series statement EULER Trade Indemnity Press Release
Volume/sequential designation 24 April 2002, (2)
520 ## - SUMMARY, ETC.
Summary, etc. EULER Trade Indemnity's latest "Quarterly financial trends survey" illustrates the impact of the economic downturn in 2001on the construction industry as profitability and orders gradually decline. The survey cites labour costs, price discounting, competition and higher raw material and fuel prices as the main causes of falling profitability. http://www.eulergroup.com/ETI/html-gb/popup-news/news_milieu.cfm?id_publi=948&language=English
590 ## - LOCAL NOTE (RLIN)
Local note WB
650 ## - SUBJECT ADDED ENTRY--TOPICAL TERM
Topical term or geographic name entry element CONSTRUCTION INDUSTRY
650 ## - SUBJECT ADDED ENTRY--TOPICAL TERM
Topical term or geographic name entry element CONSTRUCTION ORDERS
650 ## - SUBJECT ADDED ENTRY--TOPICAL TERM
Topical term or geographic name entry element ECONOMIC DOWNTURN
650 ## - SUBJECT ADDED ENTRY--TOPICAL TERM
Topical term or geographic name entry element PROFITS
650 ## - SUBJECT ADDED ENTRY--TOPICAL TERM
Topical term or geographic name entry element EULER TRADE INDEMNITY
690 ## - LOCAL SUBJECT ADDED ENTRY--TOPICAL TERM (OCLC, RLIN)
Topical term or geographic name as entry element BUILT ENVIRONMENT
942 ## - ADDED ENTRY ELEMENTS (KOHA)
Suppress in OPAC 0
Holdings
Withdrawn status Lost status Source of classification or shelving scheme Damaged status Not for loan Home library Current library Shelving location Date acquired Total Checkouts Full call number Barcode Date last seen Copy number Price effective from Koha item type
    Dewey Decimal Classification     London London News article 30/04/2002   WB3816-02 117770-1001 06/08/2019 1 06/08/2019 News article